Hupikék törpikék nevei - Statistics

General Stats
  • This quiz has been taken 82 times
  • The average score is 10 of 80
Answer Stats
Válaszok % Correct
Törpapa
97%
Törpilla
92%
Okoska
80%
Törperős
74%
Ügyi
70%
Dulifuli
62%
Tréfi
55%
Hami
54%
Nótata
38%
Törpicur
32%
Törpojáca
32%
Ügyifogyi
30%
Lusti
15%
Törppingáló
15%
Hapci
12%
Költörp
11%
Törpingáló
11%
Törpszakáll
11%
Kertitörp
9%
Törperdész
9%
Habzsi
8%
Haxi
8%
Jajgatörp
8%
Nagyitörp
8%
Gyengi
7%
Törpiri
7%
Főtörp
5%
Keményke
5%
Leske
5%
Narrátörp
5%
Segítke
5%
Szakadtka
5%
Törpöltő
5%
Törpörgő
5%
Zöldőr
5%
Felfedezőtörp
4%
Focitörp
4%
Gyapjas
4%
Kanedi
4%
Péktörp
4%
Riportörp
4%
Vadócka
4%
Vitéz
4%
Csupamók
3%
Fotóstörp
3%
Fültörp
3%
Hajbajnok
3%
Kiáltka
3%
Királytörp
3%
Kőműves törp
3%
Kormi
3%
Nótatörp
3%
Ostobi
3%
Robotörpilla
3%
Vexy
3%
Kontárka
1%
Nemérti
1%
Orvostörp
1%
Passzív-Agresszív törp
1%
Picurka törp
1%
Susztörp
1%
Szégyenlőstörp
1%
Szeleske
1%
Szépike
1%
Szövőtörp
1%
Tanonctörp
1%
Társasági
1%
Törparás
1%
Törpitány
1%
Törpmerő
1%
Törprobot
1%
Törtyögő
1%
Zokogi
1%
Törpfirkász
0%
Törpköltő
0%
Törpmorgó
0%
Törpönkívüli
0%
Törprengő
0%
Törpvágó
0%
Vásárló törp
0%
No matching quizzes found
Score Distribution
Percent of People with Each Score
Percentile by Number Answered
Your Score History
You have not taken this quiz